000 00983nam a2200217 a 4500
001 BRCA_6918
005 20190320205636.0
008 161111s1881----u--#######---#000-0#eng-#
041 _aeng
044 _au
050 4 _aF319 S2
_b.D48 1881
100 1 _aDewhurst, William Whitwell
_917238
245 1 0 _aThe history of Saint Augustine, Florida
_bwith an introductory account of the early Spanish and French attempts at exploration and settlement in the territory of Florida, together with sketches of events and objects of interest connected with the oldest town in the United States, to which is added a short description of the climate and advantages of Saint Augustine as a health resort
_cby William W. Dewhurst.
260 _aNueva York
_bG. P. Putnam Sons
_c1881
300 _avii, 182 p.
_c20 cm.
500 _aO136
651 4 _aSan Agustín, Florida
_xHistoria
_917239
651 4 _aFlorida
_xHistoria
_zÉpoca colonial hasta 1821
_917240
902 _aGFM
942 _2lcc
_cB
999 _c6600
_d6600